मेरे साक्षात्कार / (Record no. 112092)
[ view plain ]
| 000 -LEADER | |
|---|---|
| fixed length control field | 01085nam a22002777a 4500 |
| 003 - CONTROL NUMBER IDENTIFIER | |
| control field | dpl |
| 005 - DATE AND TIME OF LATEST TRANSACTION | |
| control field | 20181024135028.0 |
| 008 - FIXED-LENGTH DATA ELEMENTS--GENERAL INFORMATION | |
| fixed length control field | 181024b ||||| |||| 00| 0 eng d |
| 010 #B - LIBRARY OF CONGRESS CONTROL NUMBER | |
| LC control number | A-966341 |
| 020 ## - INTERNATIONAL STANDARD BOOK NUMBER | |
| Terms of availability | 125.00 |
| International Standard Book Number | 8170164176 |
| 035 ## - SYSTEM CONTROL NUMBER | |
| System control number | A-966341 |
| 037 ## - SOURCE OF ACQUISITION | |
| Source of stock number/acquisition | BPPDPUB |
| 040 ## - CATALOGING SOURCE | |
| Original cataloging agency | DPL |
| Language of cataloging | HN |
| Transcribing agency | 0 |
| 082 ## - DEWEY DECIMAL CLASSIFICATION NUMBER | |
| Classification number | 808.88 |
| Item number | वाजपे |
| 100 ## - MAIN ENTRY--PERSONAL NAME | |
| Personal name | वाजपेयी, अशोक |
| 9 (RLIN) | 45829 |
| 245 ## - TITLE STATEMENT | |
| Title | मेरे साक्षात्कार / |
| Statement of responsibility, etc | अशोक वाजपयी |
| 246 ## - VARYING FORM OF TITLE | |
| Title proper/short title | Mere sakshatkar |
| Remainder of title | by Ashok Vajpayi |
| 260 ## - PUBLICATION, DISTRIBUTION, ETC. (IMPRINT) | |
| Place of publication, distribution, etc | नई दिल्ली |
| Name of publisher, distributor, etc | किताबघर |
| Date of publication, distribution, etc | 1998 |
| 270 ## - ADDRESS | |
| City | नई दिल्ली |
| Address | 24, अंसारी रोड, दरयागंज |
| Postal code | 110002 |
| 300 ## - PHYSICAL DESCRIPTION | |
| Extent | 175पृ. |
| Dimensions | 19सेमी(सजिल्द ) |
| 650 ## - SUBJECT ADDED ENTRY--TOPICAL TERM | |
| Topical term or geographic name as entry element | हिंदी साहित्य |
| General subdivision | |
| Geographic subdivision | |
| 9 (RLIN) | 45830 |
| 650 ## - SUBJECT ADDED ENTRY--TOPICAL TERM | |
| Topical term or geographic name as entry element | हिंदी साक्षात्कार |
| 9 (RLIN) | 45831 |
| 650 ## - SUBJECT ADDED ENTRY--TOPICAL TERM | |
| Topical term or geographic name as entry element | Hindi litarature |
| 9 (RLIN) | 45832 |
| 650 ## - SUBJECT ADDED ENTRY--TOPICAL TERM | |
| Topical term or geographic name as entry element | Hindi interview |
| 9 (RLIN) | 45833 |
| 942 ## - ADDED ENTRY ELEMENTS (KOHA) | |
| Source of classification or shelving scheme | Dewey Decimal Classification |
| Koha item type | Hindi Books |
| Classification part | 808.88 |
| Call number suffix | वाजपे |
| Withdrawn status | Lost status | Damaged status | Not for loan | Home library | Current library | Date acquired | Source of acquisition | Cost, normal purchase price | Total Checkouts | Full call number | Barcode | Date last seen | Copy number | Cost, replacement price | Price effective from | Koha item type | Source of classification or shelving scheme | Collection code |
|---|---|---|---|---|---|---|---|---|---|---|---|---|---|---|---|---|---|---|
| Central Library | Central Library | 06/08/2015 | Cen Lib/Ret | 125.00 | 808.88 वाजपे | A-966337 | 06/08/2015 | 1 | 125.00 | 06/08/2015 | Hindi Books | |||||||
| Shahdara Branch | Shahdara Branch | 24/10/2018 | BPPD/PUB | 125.00 | 808.88 वाजपे | A-966341 | 24/10/2018 | 125.00 | 24/10/2018 | Hindi Books | Dewey Decimal Classification | Non-fiction |
